| 000 | 01100nam a2200313 a 4500 | ||
|---|---|---|---|
| 999 |
_c3942 _d3942 |
||
| 001 | 4045419 | ||
| 003 | GZU | ||
| 005 | 20210310141301.0 | ||
| 008 | 981230s1997 dk a b 000 0 eng d | ||
| 010 | _a 98235390 | ||
| 020 | _a8770343004 | ||
| 035 | _a(OCoLC)39049374 | ||
| 040 |
_aGEU-L _cGEU-L _dDLC |
||
| 042 | _alccopycat | ||
| 043 | _aa-pk--- | ||
| 050 | 0 | 0 |
_aKPL516 _b.W663 1997 |
| 082 | 0 | 0 |
_a346.549101/34 _221 |
| 245 | 0 | 0 |
_aWomen's law in legal education and practice in Pakistan : _bNorth South cooperation / _cedited by Rubya Mehdi and Farida Shaheed. |
| 260 |
_aCopenhagen, Denmark : _bNew Social Science Monograph, _c[1997] |
||
| 300 |
_a303 p. : _bill. ; _c24 cm. |
||
| 504 | _aIncludes bibliographical references (p. 277-297). | ||
| 650 | 0 |
_aWomen _xLegal status, laws, etc. _zPakistan. |
|
| 650 | 0 |
_aLegal assistance to women _zPakistan. |
|
| 700 | 1 | _aMehdi, Rubya. | |
| 700 | 1 | _aShaheed, Farida. | |
| 906 |
_a7 _bcbc _ccopycat _d3 _encip _f19 _gy-gencatlg |
||
| 942 |
_2lcc _cBK _h516 _iWOM _kKPL _m1997 |
||